BBL Teams - Statistiken

Allgemein
  • Dieses Quiz wurde 120 mal gespielt
  • Das Durchschnittsergebnis liegt bei 9 aus 15
Antwortstatistiken
Platzierung Antwort % Korrekt
3 FC Bayern
97%
2 Alba Berlin
92%
7 Ulm
82%
1 Bonn
72%
15 Hamburg
68%
4 Oldenburg
66%
10 Bamberg
65%
5 Ludwigsburg
63%
8 Chemnitz
59%
9 Rostock
50%
12 Heidelberg
47%
11 Würzburg
45%
6 BG Göttingen
42%
14 Löwen
23%
13 Merlins
17%
Keine übereinstimmenden Quizze gefunden
Verteilung der Resultate
Anzahl Personen mit jedem Resultat
Perzentil nach korrekt beantworteten Fragen
Ihre Resultats-Entwicklung
Sie haben dieses Quiz noch nicht gespielt